| 000 | 01458nac a22003491i 4500 | ||
|---|---|---|---|
| 003 | EG-ScBUE | ||
| 005 | 20241118101614.0 | ||
| 008 | 100116t2002 maua f 000 0 eng d | ||
| 020 | _a0072481633 | ||
| 020 | _a9780072481631 | ||
| 040 |
_aEG-ScBUE _beng _erda _cEG-ScBUE _dEG-ScBUE |
||
| 082 | 0 | 4 |
_a519.5 _bLIN _222 |
| 100 | 1 |
_aLind, Douglas A., _eauthor. _910357 |
|
| 245 | 1 | 0 |
_aStudy Guide to accompany statistical techniques in business & economics / _cDouglas A. Lind, Coastal Carolina University, William G. Marchal, The University of Toledo, Robert D. Mason, Late of The University of Toledo ; prepared by Walter H. Lange, The University of Toledo. |
| 246 | 3 | 0 | _aStatistical techniques in business and economics |
| 264 | 1 |
_aBoston : _bMcGraw-Hill, _c[2002] |
|
| 264 | 4 | _cc2002 | |
| 300 |
_a408 pages : _billustrations ; _c26 cm. |
||
| 336 |
_2rdacontent _atext _btxt |
||
| 337 |
_aunmediated _2rdamedia _bn |
||
| 338 |
_avolume _bnc _2rdacarrier |
||
| 490 | 0 | _aMcGraw-Hill/Irwin series. Operations and decision sciences | |
| 500 | _aIncludes Appendices. | ||
| 650 | 7 |
_aSocial sciences _xStatistical methods. _2BUEsh _910358 |
|
| 650 | 7 |
_aMathematical statistics. _2BUEsh _97173 |
|
| 650 | 7 |
_aCommercial statistics. _2BUEsh _910359 |
|
| 655 | _vReading book | ||
| 700 | 1 |
_aMarchal, William G., _eauthor. _910360 |
|
| 700 | 1 |
_aMason, Robert Deward, _d1919- _eauthor. _910361 |
|
| 700 | 1 |
_aLange, Walter H., _eauthor. |
|
| 942 |
_cBB _2ddc |
||
| 999 |
_c13133 _d13133 |
||